000 01552nam0a22003011 4500
001 v19\rc\1857892
005 20260406074839.0
035 _a(NLR Aleph) 005259022
090 _a5882201
_c5882201
100 _a20080221d1909 |||y0rusy50 ca
101 1 _arus
_ceng
102 _aRU
105 _aa z |||a|
200 1 _aВенок для девиц
_e[Рассказы]
_fЛ. Олькотт
_gПер. с англ. М. Кавериной
210 _aМосква
_cА.С. Панафидина
_d1909
215 _a271 с.
_cил.
_d17
327 1 _aСодерж.: Майские цветы; Ветка плюща и дамские башмачки; Анютины глазки; Водяные лилии; Мак и пшеница; Цветок шиповника; Горный лавр и "женский волос"
464 0 _12001#$aМайские цветы$aВетка плюща и дамские башмачки$aАнютины глазки$aВодяные лилии$aМак и пшеница$aЦветок шиповника$aГорный лавр и "женский волос"
_tГорный лавр и "женский волос"
700 1 _8rus
_7ca
_aОлкотт
_bЛ. М.
_f1832-1888
_gЛуиза Мей
_3RU\NLR\AUTH\7735602
_918599
702 1 _aКаверина
_bМ.
_4730
801 0 _aRU
_bNLR
_c20080221
_gpsbo
801 0 _aRU
_bRuMoRGB
_c20080221
_2psbo
801 1 _aRU
_bProSoft-M
_c20080221
_2rusmarc
801 2 _aRU
_bNLR
_c20090727
_2rusmarc
852 _aNLR
_j38.77.8.58
852 _aNLR
_j128/4568
942 _cBOOK
980 _aNB